Titres de chansons de Bénabar - Clic Quiz - Statistiques

Statistiques générales
  • Ce quiz a été pris 26 fois
  • Le résultat moyen est 18 sur 20
Statistiques - réponses
Hint Réponse % Correct
Les épices du souk du Caire
100%
Quoi qu'on Dise
100%
William et Jack
100%
Paris by Night
100%
Pour faire la colle à cœur Brisé
96%
Tous les Divorcés
96%
L'effet Papillon
96%
Pas du Tout
96%
Maritie et Gilbert Carpentier
92%
Une âme de Poète
92%
Le début de la Suite
92%
Quatre murs et un Toit
92%
Mon cœur fait Vroum
92%
Reste-t-il du Bonheur
88%
Les indociles Heureux
88%
Je suis de Celles
85%
A la Campagne
81%
Le Dîner
81%
Le fou Rire
73%
Triste Compagne
46%
Aucun quiz correspondant
Distribution des résultats
% des personnes avec chaque résultat
Percentile par nombre de réponses
Votre historique - résultats
Vous n’avez pas pris ce quiz